|
|
|
|
| LEADER |
03352nam a22004337a 4500 |
| 001 |
43798 |
| 003 |
BD-DhAAL |
| 005 |
20241204101009.0 |
| 008 |
241129t2023 bg a|||| b||| 001 0dben d |
| 020 |
|
|
|a 9789849762171
|
| 040 |
|
|
|a BD-DhAAL
|d BD-DhAAL
|
| 041 |
|
|
|a ben
|
| 082 |
|
|
|a 362.5
|2 23
|
| 100 |
|
|
|a ম্যাকমিলান, স্কট.
|d ১৯৭৪ -
|9 57206
|
| 245 |
|
|
|a আশার জয় :
|b ফজলে হাসান আবেদ ও বৈশ্বিক দারিদ্র্য নির্মূলের বিজ্ঞান /
|c স্কট ম্যাকমিলান; অনুবাদক আলভী আহমেদ; সম্পাদক ইকরামুল কবীর খান ও জাফর আহমদ রাশেদ.
|
| 246 |
|
|
|a Ashar joy :
|b Fazle hasan abed o boishshik daridro nirmuler biggan
|
| 246 |
|
|
|a Hope over fate :
|b Fazle hasan abed and the science of ending global poverty
|
| 260 |
|
|
|a ঢাকা :
|b বাতিঘর,
|c ২০২৩
|
| 300 |
|
|
|a ৩৫৮ পৃষ্ঠা :
|b চিত্র ;
|c ২৪ সে.মি.
|
| 500 |
|
|
|a প্রথম প্রকাশ
|
| 504 |
|
|
|a গ্রন্থপঞ্জিগত নির্দেশিকা ও নিঘন্ট অন্তভূক্ত.
|
| 541 |
|
|
|a Complimentary copy from BRAC Communication
|e 43798, 43799, 43800, 43801, 43802
|
| 600 |
|
|
|a Abed, F. H.
|
| 610 |
|
|
|a Bangladesh Rural Advancement Committee
|
| 650 |
|
|
|a Social service, Rural
|x Bangladesh.
|9 57207
|
| 650 |
|
|
|a Poverty.
|
| 650 |
|
|
|a Economic development.
|
| 650 |
|
|
|a Economics.
|
| 700 |
|
|
|a আহমেদ, আলভী
|9 57208
|
| 700 |
|
|
|a খান, ইকরামুল কবীর.
|9 57209
|
| 700 |
|
|
|a রাশেদ, জাফর আহমদ.
|9 57210
|
| 852 |
|
|
|a Ayesha Abed Library
|c General Stacks
|
| 942 |
|
|
|2 ddc
|c BK
|
| 999 |
|
|
|c 47159
|d 47159
|
| 952 |
|
|
|0 0
|1 0
|2 ddc
|4 0
|6 362_500000000000000_MAC
|7 1
|9 76971
|a BRACUL
|b BRACUL
|c CIR
|d 2024-11-29
|e Complimentary copy from BRAC Communications
|g 1200.00
|l 0
|o 362.5 MAC
|p 3010043798
|r 2024-12-04
|t 1
|w 2024-11-29
|y 1HOUR
|x Complimentary copy from BRAC Communications; Price available in register.
|
| 952 |
|
|
|0 0
|1 0
|2 ddc
|4 0
|6 362_500000000000000_MAC
|7 1
|9 76972
|a BRACUL
|b BRACUL
|c CIR
|d 2024-11-29
|e Complimentary copy from BRAC Communications
|g 1200.00
|l 0
|o 362.5 MAC
|p 3010043799
|r 2024-12-04
|t 2
|w 2024-11-29
|y 1HOUR
|x Complimentary copy from BRAC Communications; Price not available in register.
|
| 952 |
|
|
|0 0
|1 0
|2 ddc
|4 0
|6 362_500000000000000_MAC
|7 1
|9 76973
|a BRACUL
|b BRACUL
|c BRS
|d 2024-11-29
|e Complimentary copy from BRAC Communications
|g 1200.00
|l 0
|o 362.5 MAC
|p 3010043800
|r 2024-11-29
|t 2
|w 2024-11-29
|y BK
|x Complimentary copy from BRAC Communications; Price not available in register.
|
| 952 |
|
|
|0 0
|1 0
|2 ddc
|4 0
|6 362_500000000000000_MAC
|7 0
|9 76974
|a BRACUL
|b BRACUL
|c GEN
|d 2024-11-29
|e Complimentary copy from BRAC Communications
|g 1200.00
|l 1
|m 4
|o 362.5 MAC
|p 3010043801
|r 2025-06-17
|s 2025-04-24
|t 4
|w 2024-11-29
|y BK
|x Complimentary copy from BRAC Communications; Price not available in register.
|
| 952 |
|
|
|0 0
|1 0
|2 ddc
|4 0
|6 362_500000000000000_MAC
|7 0
|9 76975
|a BRACUL
|b BRACUL
|c GEN
|d 2024-11-29
|e Complimentary copy from BRAC Communications
|g 1200.00
|l 2
|m 28
|o 362.5 MAC
|p 3010043802
|r 2026-05-12
|s 2026-04-29
|t 5
|w 2024-11-29
|y BK
|x Complimentary copy from BRAC Communications; Price not available in register.
|